LEADER 01592nam a2200313 u 4500 001 000000005272 003 CaOOAMICUS 005 20070226104737.0 008 940514s1928 it u000 u ita u 035 $a10139185 040 $aPUL(R)$bita 100 1 $aGothein, Eberhard,$d1853-1923.$0(OLS)http://pul/name/5508 245 12$aL'età della controriforma :$blo stato cristiano-sociale dei gesuiti nel Paraguay /$cEberhard Gothein. 250 $a2. ed. corretta (L'età della controriforma) 260 $aVenezia :$bLa Nuova Italia,$c1928. 300 $a308 p. ;$c22 cm 490 1 $aStorici antichi e moderni 500 $aL'età della controriforma, trad. di G. Thiel ; Lo Stato cristiano-sociale dei Gesuiti, trad. di G. Sanna. 610 24$aGesuiti$zParaguay$xStoria.$0(OLS)http://pul/subject/4671 650 4$aControriforma$xStoria.$0(OLS)http://pul/subject/4672 700 12$aSanna, G.$0(OLS)http://pul/name/5510 700 12$aThiel, G.$0(OLS)http://pul/name/5509 830 0$aStorici antichi e moderni.$0(OLS)http://pul/title/7718 850 $aPUL 852 $aPUL$W1$xDP1 Altre Collocazioni$y17$mSenza collocazione$j12$nBK-PRI$b $qStampati$B7389$CPULBib$Z2$F7389 $H $81 852 $aPUL$W1$xDP1 Filosofia 1$y19$m612 B 37$j127200$ac. 2$qStampati$B125905$CPULBib$Z2$F125905 $H22053 $82 941 1 $a8 996 $6245$aL'età della controriforma :$blo stato cristiano-sociale dei gesuiti nel Paraguay$9(OLS)http://pul/title/7717 996 $6260$aVenezia :$bLa Nuova Italia$9(OLS)http://pul/publisher/50844 LEADER 01671nam a2200301 u 4500 001 000000002618 003 CaOOAMICUS 005 20070226104442.0 008 941010n xx u000 u und u 035 $a10065397 040 $aPUL$bita 041 0 $aita$alat 100 1 $aGentili, Alberico,$d1552-1608.$0(OLS)http://pul/name/2786 240 10$aAlberici Gentilis, iurisconsulti, professoris regii, Laudes Academiae Perusinae et Oxoniensis.$0(OLS)http://pul/title/3849 245 10$aLodi delle Accademie di Perugia e di Oxford /$cAlberico Gentili ; testo latino con versione italiana e note a cura di Giuseppe Ermini. 260 $aPerugia :$bLibreria universitaria,$c1968. 300 $a85 p. ;$c20 cm 500 $aRistampa di: Alberici Gentilis, iurisconsulti, professoris regii, Laudes Academiae Perusinae et Oxoniensis, Hanoviae, apud Guilelmum Antonium, 1605. 610 10$aPerugia.$bUniversità$xAddresses, essays, lectures.$2//eng$0(OLS)http://pul/subject/2337 610 20$aUniversity of Oxford$xAddresses, essays, lectures.$2//eng$0(OLS)http://pul/subject/2338 650 4$aUniversità$zItalia$zPerugia$xStoria.$0(OLS)http://pul/subject/2339 650 4$aUniversità$zGran Bretagna$zOxford$xStoria.$0(OLS)http://pul/subject/2340 700 1 $aErmini, Giuseppe,$d1900-1981.$0(OLS)http://pul/name/2787 850 $aPUL 852 $aPUL$W1$xSL Filosofia 1$y2$m138 A 43$j3494$nBK-PRI$b $qStampati$B3494$CPULBib$Z2$F3494 $HPUL31955 $81 941 1 $a8 996 $6245$aLodi delle Accademie di Perugia e di Oxford$9(OLS)http://pul/title/3850 996 $6260$aPerugia :$bLibreria universitaria$9(OLS)http://pul/publisher/49423